[Event "6. Torneo Distrito Chamartin 2017"]
[Site "Madrid ESP"]
[Date "2017.09.07"]
[Round "6.26"]
[White "Ochoa Gonzalez, Hugo"]
[Black "Ruiz Bellon, Manuel"]
[Result "0-1"]
[WhiteElo "1556"]
[BlackElo "1916"]
[PlyCount "68"]
[EventDate "2017.09.04"]
[EventType "swiss"]
[EventRounds "9"]
[EventCountry "ESP"]
[SourceTitle "Ajedrez en Madrid"]
[Source "lmi"]
[SourceDate "2017.09.04"]
[SourceVersion "1"]
[SourceVersionDate "2018.03.05"]
[SourceQuality "1"]

1. e4 e6 2. d4 d5 3. Nc3 Nf6 4. e5 Nfd7 5. f4 c5 6. Nf3 Nc6 7. Be3 Qb6 8. Na4
Qa5+ 9. c3 c4 10. b3 b5 11. Nc5 Nxc5 12. dxc5 Qxc3+ 13. Bd2 Qb2 14. a3 Bxc5 15.
bxc4 bxc4 16. Rb1 Qxa3 17. Ra1 Qb3 18. Qxb3 cxb3 19. Bb5 Bd7 20. Rc1 b2 21. Rb1
Rb8 22. Bxc6 Bxc6 23. Bc3 O-O 24. Rxb2 Rxb2 25. Bxb2 Rb8 26. Bc1 Rb1 27. Kd2
Ba4 28. g3 Rb3 29. Nh4 Bb4+ 30. Ke2 Bb5+ 31. Kd1 d4 32. Bd2 Rb1+ 33. Bc1 d3 34.
Nf3 Ba4# 0-1

[Event "6. Torneo Distrito Chamartin 2017"]
[Site "Madrid ESP"]
[Date "2017.09.07"]
[Round "6.27"]
[White "Sanchez Rivero, Miguel"]
[Black "Serrera Sanchez Romo, Sergio"]
[Result "1-0"]
[WhiteElo "1716"]
[BlackElo "1684"]
[PlyCount "97"]
[EventDate "2017.09.04"]
[EventType "swiss"]
[EventRounds "9"]
[EventCountry "ESP"]
[SourceTitle "Ajedrez en Madrid"]
[Source "lmi"]
[SourceDate "2017.09.04"]
[SourceVersion "1"]
[SourceVersionDate "2018.03.05"]
[SourceQuality "1"]

1. e4 c5 2. Nf3 d6 3. Bb5+ Bd7 4. Bxd7+ Qxd7 5. O-O Nc6 6. c4 g6 7. Nc3 Bg7 8.
d3 e6 9. Rb1 Nge7 10. Re1 O-O 11. a3 Nd4 12. Nxd4 Bxd4 13. Ne2 Bg7 14. b4 b6
15. Bb2 Rac8 16. Qb3 Nc6 17. Bxg7 Kxg7 18. b5 Ne7 19. d4 Rfd8 20. Red1 Qb7 21.
d5 exd5 22. exd5 Nf5 23. g4 Ne7 24. Qc3+ Kg8 25. Re1 Qd7 26. Qf3 f5 27. g5 f4
28. h3 Rf8 29. Qg4 Qf5 30. Rb3 f3 31. Nc1 Qxg4+ 32. hxg4 Rce8 33. Rbe3 Rf7 34.
Kh2 Kf8 35. Kg3 Ra8 36. Re6 Rd8 37. Rf6 Rxf6 38. gxf6 Ng8 39. g5 h6 40. Kg4
hxg5 41. Kxg5 Kf7 42. Re6 Rd7 43. Nb3 Rd8 44. Nd2 a6 45. a4 axb5 46. axb5 Ra8
47. Ne4 Ra4 48. Nxd6+ Kf8 49. Re8# 1-0

[Event "6. Torneo Distrito Chamartin 2017"]
[Site "Madrid ESP"]
[Date "2017.09.07"]
[Round "6.28"]
[White "Gomez Gonzalez, Jose Antonio"]
[Black "Siu Burillo, Joaquin"]
[Result "0-1"]
[WhiteElo "1692"]
[BlackElo "1542"]
[PlyCount "62"]
[EventDate "2017.09.04"]
[EventType "swiss"]
[EventRounds "9"]
[EventCountry "ESP"]
[SourceTitle "Ajedrez en Madrid"]
[Source "lmi"]
[SourceDate "2017.09.04"]
[SourceVersion "1"]
[SourceVersionDate "2018.03.05"]
[SourceQuality "1"]

1. e4 c6 2. d3 d5 3. Nd2 dxe4 4. Nxe4 e5 5. Nf3 Nd7 6. Be2 Ngf6 7. Bg5 Be7 8.
Bxf6 Nxf6 9. Nxe5 Qa5+ 10. Qd2 Qxe5 11. f4 Qxb2 12. O-O Nxe4 13. dxe4 Bc5+ 14.
Kh1 Qd4 15. Bd3 O-O 16. Rab1 Rd8 17. f5 b6 18. f6 Qe3 19. Qc3 g6 20. Rbe1 Qg5
21. e5 Be6 22. Bc4 Bd4 23. Qb3 Bxc4 24. Qxc4 Bxe5 25. Qxc6 Rac8 26. Rd1 Bxf6
27. Rxd8+ Rxd8 28. Qb7 Qd2 29. Qxa7 Qe2 30. Rg1 Rd1 31. Qxb6 Bd4 0-1

[Event "6. Torneo Distrito Chamartin 2017"]
[Site "Madrid ESP"]
[Date "2017.09.07"]
[Round "6.29"]
[White "Gallego Romero, Manuel"]
[Black "Rottenwoerer, Christoph"]
[Result "0-1"]
[WhiteElo "1475"]
[BlackElo "1691"]
[PlyCount "84"]
[EventDate "2017.09.04"]
[EventType "swiss"]
[EventRounds "9"]
[EventCountry "ESP"]
[SourceTitle "Ajedrez en Madrid"]
[Source "lmi"]
[SourceDate "2017.09.04"]
[SourceVersion "1"]
[SourceVersionDate "2018.03.05"]
[SourceQuality "1"]

1. e4 c5 2. Bc4 g6 3. Nf3 Bg7 4. d3 Nc6 5. a3 Nf6 6. O-O O-O 7. h3 e6 8. Bg5 h6
9. Be3 b6 10. c3 d5 11. Bb5 Bb7 12. Bxc6 Bxc6 13. exd5 Nxd5 14. Bd2 Qe7 15. d4
Rad8 16. Qc1 Kh7 17. Re1 Nf6 18. Ne5 Ba8 19. f3 Rc8 20. Be3 Rfd8 21. dxc5 bxc5
22. Nd2 Nd5 23. Ndc4 Nxe3 24. Rxe3 Rd5 25. Re1 Qf6 26. Ng4 Qe7 27. Nge5 h5 28.
Qc2 Qc7 29. f4 Rcd8 30. Rad1 Bh6 31. g3 Bg7 32. Rxd5 exd5 33. Nd2 d4 34. cxd4
Qb7 35. Ne4 Rxd4 36. Ng5+ Kg8 37. Ngf3 Bxe5 38. Rf1 Bd6 39. Kh2 Qe4 40. Rf2
Qxc2 41. Rxc2 Bxf3 42. h4 Rd1 0-1

[Event "6. Torneo Distrito Chamartin 2017"]
[Site "Madrid ESP"]
[Date "2017.09.07"]
[Round "6.30"]
[White "Barragan Panal, Juan Jose"]
[Black "Pareja Cerrato, Antonio"]
[Result "1-0"]
[WhiteElo "1683"]
[BlackElo "1525"]
[PlyCount "34"]
[EventDate "2017.09.04"]
[EventType "swiss"]
[EventRounds "9"]
[EventCountry "ESP"]
[SourceTitle "Ajedrez en Madrid"]
[Source "lmi"]
[SourceDate "2017.09.04"]
[SourceVersion "1"]
[SourceVersionDate "2018.03.05"]
[SourceQuality "1"]

1. d4 d5 2. c4 e6 3. Nf3 Nc6 4. e3 Nf6 5. Nc3 Be7 6. Be2 O-O 7. O-O b6 8. a3
dxc4 9. Bxc4 Bb7 10. Qc2 Na5 11. Be2 h6 12. Rd1 Nc6 13. e4 Qc8 14. h3 a5 15.
Bf4 Rd8 16. Rac1 Rd7 17. Bb5 Ba6 1-0

[Event "6. Torneo Distrito Chamartin 2017"]
[Site "Madrid ESP"]
[Date "2017.09.07"]
[Round "6.31"]
[White "Diaz Begonte, Manuel"]
[Black "Lopez Garcia, Rafael"]
[Result "1-0"]
[WhiteElo "1680"]
[BlackElo "1392"]
[PlyCount "113"]
[EventDate "2017.09.04"]
[EventType "swiss"]
[EventRounds "9"]
[EventCountry "ESP"]
[SourceTitle "Ajedrez en Madrid"]
[Source "lmi"]
[SourceDate "2017.09.04"]
[SourceVersion "1"]
[SourceVersionDate "2018.03.05"]
[SourceQuality "1"]

1. e4 c5 2. d4 cxd4 3. c3 d6 4. cxd4 Nf6 5. Nc3 g6 6. Nf3 Bg7 7. Bb5+ Bd7 8.
Bxd7+ Nbxd7 9. O-O O-O 10. Bf4 Nh5 11. Bg5 h6 12. Be3 e6 13. Qd2 Kh7 14. Rac1
a6 15. Rfd1 f5 16. exf5 Rxf5 17. Qe2 d5 18. g4 Rxf3 19. Qxf3 Nhf6 20. g5 hxg5
21. Bxg5 Qb6 22. b3 Rf8 23. Qh3+ Kg8 24. Bh6 Nh5 25. Bxg7 Kxg7 26. Ne2 Qd6 27.
Rc3 Nf4 28. Nxf4 Qxf4 29. Qg3 Qf5 30. Rc7 Rf7 31. Rdc1 b6 32. Re1 Qf6 33. Rc6
Nf8 34. Qe5 Re7 35. Rxb6 Nd7 36. Qxf6+ Kxf6 37. Rxa6 Re8 38. b4 Kf5 39. b5 Rb8
40. a4 Nb6 41. a5 Nc4 42. b6 e5 43. dxe5 Nxe5 44. Kg2 d4 45. Ra7 Nc6 46. Rf7+
Kg5 47. Rc7 Nxa5 48. Re5+ Kh6 49. Rxa5 Rxb6 50. Rd5 Rb4 51. Rcd7 d3 52. Rxd3
Rg4+ 53. Rg3 Rf4 54. Rd6 Rf5 55. Rdxg6+ Kh5 56. Rg8 Rf6 57. Rh3# 1-0

[Event "6. Torneo Distrito Chamartin 2017"]
[Site "Madrid ESP"]
[Date "2017.09.07"]
[Round "6.32"]
[White "Bellagamba, Pascal"]
[Black "Enriquez Pastor, Jorge"]
[Result "1-0"]
[WhiteElo "1653"]
[BlackElo "1472"]
[PlyCount "145"]
[EventDate "2017.09.04"]
[EventType "swiss"]
[EventRounds "9"]
[EventCountry "ESP"]
[SourceTitle "Ajedrez en Madrid"]
[Source "lmi"]
[SourceDate "2017.09.04"]
[SourceVersion "1"]
[SourceVersionDate "2018.03.05"]
[SourceQuality "1"]

1. e4 c6 2. d4 d5 3. e5 Bf5 4. Bd3 Bxd3 5. Qxd3 e6 6. Bd2 Nd7 7. Nf3 c5 8. c3
Qb6 9. b3 cxd4 10. cxd4 Bb4 11. Bxb4 Qxb4+ 12. Qc3 Qxc3+ 13. Nxc3 Ne7 14. Rc1
O-O 15. Nb5 Rfc8 16. Kd2 Rc6 17. Nd6 Rb8 18. Ng5 Nc8 19. Ngxf7 Nxd6 20. Nxd6
Nf8 21. Rxc6 bxc6 22. Rc1 Rb6 23. Rc2 Ng6 24. g3 Ne7 25. Kd3 Ra6 26. f4 g6 27.
g4 h6 28. a4 Rb6 29. Rb2 Rb8 30. b4 a5 31. b5 cxb5 32. Rxb5 Ra8 33. Rc5 Kf8 34.
h3 Kg7 35. Kc2 Kf8 36. Nb7 Rb8 37. Rc7 Ke8 38. Nxa5 Rb4 39. Rxe7+ Kf8 40. Nc6
Rc4+ 41. Kb3 Rxc6 42. Rb7 Rc4 43. Rb4 Rc8 44. a5 g5 45. f5 exf5 46. gxf5 h5 47.
Rb5 g4 48. hxg4 hxg4 49. Rb6 Rc4 50. Rg6 Rxd4 51. a6 Rd3+ 52. Kc2 Ra3 53. Rxg4
Rxa6 54. Rd4 Rc6+ 55. Kb3 Rb6+ 56. Ka4 Ke7 57. Rxd5 Rh6 58. Kb5 Rh5 59. Kc5
Rxf5 60. Kd4 Rf4+ 61. Ke3 Rh4 62. Rd6 Ra4 63. Rd4 Ra5 64. Ke4 Ke6 65. Rd6+ Ke7
66. Kf5 Rb5 67. Rh6 Rb1 68. Rh7+ Ke8 69. Kf6 Rf1+ 70. Ke6 Rf8 71. Kd6 Rg8 72.
e6 Rf8 73. Rb7 1-0

[Event "6. Torneo Distrito Chamartin 2017"]
[Site "Madrid ESP"]
[Date "2017.09.07"]
[Round "6.33"]
[White "Abad Martin-Camuñas, Luis"]
[Black "Rodriguez Bachiller, Luis"]
[Result "1/2-1/2"]
[WhiteElo "1397"]
[BlackElo "1646"]
[PlyCount "100"]
[EventDate "2017.09.04"]
[EventType "swiss"]
[EventRounds "9"]
[EventCountry "ESP"]
[SourceTitle "Ajedrez en Madrid"]
[Source "lmi"]
[SourceDate "2017.09.04"]
[SourceVersion "1"]
[SourceVersionDate "2018.03.05"]
[SourceQuality "1"]

1. c4 Nf6 2. Nc3 d6 3. d4 g6 4. Nf3 Bg7 5. e3 O-O 6. Be2 Nbd7 7. e4 c6 8. d5
cxd5 9. cxd5 Nc5 10. Nd2 Bd7 11. O-O b6 12. f3 Nh5 13. Nb3 Qc8 14. Be3 Qb7 15.
Nd4 Rac8 16. Rc1 Na6 17. a3 Nc7 18. Qd2 Ne8 19. Bb5 Bxb5 20. Ncxb5 Nc7 21. Nxc7
Rxc7 22. Nb5 Rxc1 23. Rxc1 Rc8 24. Rxc8+ Qxc8 25. Nxa7 Qb7 26. Nc6 e6 27. Qb4
exd5 28. exd5 Bf8 29. Qxb6 Qxb6 30. Bxb6 Nf4 31. Nb4 Bg7 32. b3 Ne2+ 33. Kf2
Nc1 34. Bc7 Bd4+ 35. Ke1 Bc5 36. Kd1 Nxb3 37. Nc2 Kf8 38. a4 Ke7 39. a5 Kd7 40.
Bb6 Bxb6 41. axb6 Kc8 42. Nb4 Kb7 43. Kc2 Na5 44. Kc3 Kxb6 45. Nd3 Kb5 46. h4
Nc4 47. g4 Ne3 48. Kd4 Ng2 49. h5 Nh4 50. Ke4 Kc4 1/2-1/2

[Event "6. Torneo Distrito Chamartin 2017"]
[Site "Madrid ESP"]
[Date "2017.09.07"]
[Round "6.34"]
[White "Centeno Mateos, Domingo"]
[Black "Juzgado Niella, Angel Luis"]
[Result "1/2-1/2"]
[WhiteElo "1349"]
[BlackElo "1620"]
[PlyCount "98"]
[EventDate "2017.09.04"]
[EventType "swiss"]
[EventRounds "9"]
[EventCountry "ESP"]
[SourceTitle "Ajedrez en Madrid"]
[Source "lmi"]
[SourceDate "2017.09.04"]
[SourceVersion "1"]
[SourceVersionDate "2018.03.05"]
[SourceQuality "1"]

1. d4 d5 2. c4 c6 3. Nc3 Nf6 4. Nf3 e6 5. Bg5 Nbd7 6. Qc2 h6 7. Bh4 Bd6 8. c5
Bb8 9. e3 b6 10. b4 Bb7 11. Bd3 Qc8 12. O-O O-O 13. e4 dxe4 14. Nxe4 Nd5 15. a3
Nf4 16. Bc4 Ba6 17. Be7 Bxc4 18. Qxc4 b5 19. Qc2 Re8 20. Bd6 Nd5 21. Ne5 N7f6
22. Bxb8 Nxe4 23. Qxe4 Rxb8 24. Qf3 Re7 25. a4 bxa4 26. Rxa4 Rxb4 27. Rxb4 Nxb4
28. Qa3 Nd5 29. g3 f6 30. Nc4 Rb7 31. Nd6 Qd7 32. Nxb7 Qxb7 33. Ra1 Qb5 34.
Qxa7 Qb2 35. Qa5 Kh7 36. Qa4 Nc3 37. Qa3 Ne2+ 38. Kf1 Qb5 39. Kg2 Nxd4 40. Rd1
e5 41. Qd3+ Qxd3 42. Rxd3 Kg6 43. f3 Kf5 44. Kf2 Ke6 45. Rc3 Kd5 46. Ke3 g5 47.
g4 Ne6 48. Rd3+ Nd4 49. Rc3 Ne6 1/2-1/2

[Event "6. Torneo Distrito Chamartin 2017"]
[Site "Madrid ESP"]
[Date "2017.09.07"]
[Round "6.35"]
[White "De la Aldea Martin, Alvaro"]
[Black "Isabel Huertas, Pedro"]
[Result "1-0"]
[WhiteElo "1605"]
[BlackElo "1073"]
[PlyCount "63"]
[EventDate "2017.09.04"]
[EventType "swiss"]
[EventRounds "9"]
[EventCountry "ESP"]
[SourceTitle "Ajedrez en Madrid"]
[Source "lmi"]
[SourceDate "2017.09.04"]
[SourceVersion "1"]
[SourceVersionDate "2018.03.05"]
[SourceQuality "1"]

1. d4 Nf6 2. c4 c6 3. Nc3 g6 4. Nf3 Bg7 5. h3 O-O 6. Bf4 d6 7. e3 Nbd7 8. Be2
d5 9. O-O Nb6 10. b3 Be6 11. Ne5 Bf5 12. Rc1 Rc8 13. Bh2 Ne4 14. c5 Nd7 15. Nd3
Re8 16. Bf3 e5 17. dxe5 Nxe5 18. Nxe5 Bxe5 19. Bxe5 Rxe5 20. Ne2 Qa5 21. Nd4
Nxc5 22. Nxf5 Rxf5 23. Bg4 Rd8 24. Bxf5 gxf5 25. Qh5 Nd3 26. Rcd1 Ne5 27. Qxf5
Ng6 28. Rd4 Ne7 29. Rg4+ Ng6 30. h4 Re8 31. h5 Re5 32. Qxe5 1-0

[Event "6. Torneo Distrito Chamartin 2017"]
[Site "Madrid ESP"]
[Date "2017.09.07"]
[Round "6.38"]
[White "Tudela Garcia, Antonio"]
[Black "Sanchez Lucena, Juan"]
[Result "1-0"]
[WhiteElo "1593"]
[BlackElo "1449"]
[PlyCount "101"]
[EventDate "2017.09.04"]
[EventType "swiss"]
[EventRounds "9"]
[EventCountry "ESP"]
[SourceTitle "Ajedrez en Madrid"]
[Source "lmi"]
[SourceDate "2017.09.04"]
[SourceVersion "1"]
[SourceVersionDate "2018.03.05"]
[SourceQuality "1"]

1. e4 e6 2. Qe2 d5 3. d3 Nf6 4. Nf3 Be7 5. g3 c5 6. Bg2 O-O 7. O-O h6 8. e5
Nfd7 9. h4 Nb6 10. a4 a5 11. Na3 Nxa4 12. c4 Nb6 13. Nh2 Nc6 14. Nb5 Re8 15.
Bf4 Bd7 16. Qg4 Kh7 17. Qh5 f5 18. exf6 Bxf6 19. Bc7 Qe7 20. Bxb6 g6 21. Qd1
Be5 22. Bc7 Qf6 23. Ng4 Qf5 24. Bxe5 Nxe5 25. Nd6 Qxg4 26. Qxg4 Nxg4 27. Nxe8
Bxe8 28. cxd5 exd5 29. Bxd5 Bc6 30. Bxc6 bxc6 31. Rfe1 Kg7 32. Re4 Nf6 33. Re7+
Kf8 34. Re6 Kf7 35. Rxc6 Nd7 36. Re1 Ra7 37. d4 cxd4 38. Rd6 Nf8 39. Rxd4 Ne6
40. Rd5 a4 41. Re4 g5 42. Rde5 Ra6 43. hxg5 Nxg5 44. Re7+ Kf6 45. Re3 Nf3+ 46.
Kg2 Ng5 47. Rb7 Kf5 48. Rb4 Ne6 49. g4+ Kg5 50. Kg3 h5 51. Rb5+ 1-0

[Event "6. Torneo Distrito Chamartin 2017"]
[Site "Madrid ESP"]
[Date "2017.09.07"]
[Round "6.39"]
[White "Cerioni Serret, Luca"]
[Black "Alameda Arellano, Cristeto"]
[Result "0-1"]
[WhiteElo "1419"]
[BlackElo "1577"]
[PlyCount "30"]
[EventDate "2017.09.04"]
[EventType "swiss"]
[EventRounds "9"]
[EventCountry "ESP"]
[SourceTitle "Ajedrez en Madrid"]
[Source "lmi"]
[SourceDate "2017.09.04"]
[SourceVersion "1"]
[SourceVersionDate "2018.03.05"]
[SourceQuality "1"]

1. d4 d5 2. Bf4 c6 3. e3 Nf6 4. c4 Bf5 5. cxd5 cxd5 6. Nc3 Nc6 7. h3 a6 8. Bd3
Bxd3 9. Qxd3 e6 10. Nf3 Be7 11. O-O O-O 12. Rfc1 Rc8 13. Rc2 Nb4 14. Nxd5 Nxd3
15. Rxc8 Qxd5 0-1

[Event "6. Torneo Distrito Chamartin 2017"]
[Site "Madrid ESP"]
[Date "2017.09.07"]
[Round "6.40"]
[White "Algaba Traspuesto, Jose Antonio"]
[Black "Di Pietro Moreno, Fatima"]
[Result "1-0"]
[WhiteElo "1566"]
[BlackElo "1403"]
[PlyCount "107"]
[EventDate "2017.09.04"]
[EventType "swiss"]
[EventRounds "9"]
[EventCountry "ESP"]
[SourceTitle "Ajedrez en Madrid"]
[Source "lmi"]
[SourceDate "2017.09.04"]
[SourceVersion "1"]
[SourceVersionDate "2018.03.05"]
[SourceQuality "1"]

1. d4 d5 2. Bf4 Nf6 3. e3 e6 4. Nd2 c5 5. c3 Qb6 6. Qb3 c4 7. Qxb6 axb6 8. Be2
b5 9. Ngf3 Nc6 10. O-O b4 11. h3 Be7 12. Ne5 O-O 13. f3 Nh5 14. Bh2 Bh4 15. f4
Ng3 16. Bxg3 Bxg3 17. Nxc6 bxc6 18. cxb4 Rb8 19. a3 Bh4 20. Nf3 Bd8 21. Ne5 Rb6
22. Rfc1 f6 23. Nf3 Bc7 24. b3 cxb3 25. Rcb1 Bd6 26. Rxb3 Bd7 27. Rc3 Ra8 28.
Rb1 Rc8 29. Nd2 e5 30. fxe5 fxe5 31. Nf3 exd4 32. exd4 Re8 33. Bd3 Bf4 34. Rf1
Be3+ 35. Kh2 Bf4+ 36. g3 Bd6 37. Kg2 h6 38. Rf2 Rf8 39. Rcc2 Ra8 40. Ra2 Rb7
41. Rfb2 Rba7 42. Rb3 Rb8 43. Rbb2 Rba8 44. Rb3 Rb8 45. Bb1 c5 46. dxc5 Bxc5
47. Ne5 Bd6 48. Nxd7 Rxd7 49. b5 Bc5 50. a4 Rdb7 51. Bd3 Ra8 52. a5 Bd6 53. a6
Rb6 54. Rc2 1-0

[Event "6. Torneo Distrito Chamartin 2017"]
[Site "Madrid ESP"]
[Date "2017.09.07"]
[Round "6.41"]
[White "Gijon Molina, Carlos"]
[Black "Cupeiro Fernandez, Manuel"]
[Result "0-1"]
[WhiteElo "1189"]
[BlackElo "1527"]
[PlyCount "74"]
[EventDate "2017.09.04"]
[EventType "swiss"]
[EventRounds "9"]
[EventCountry "ESP"]
[SourceTitle "Ajedrez en Madrid"]
[Source "lmi"]
[SourceDate "2017.09.04"]
[SourceVersion "1"]
[SourceVersionDate "2018.03.05"]
[SourceQuality "1"]

1. d4 c6 2. e4 d5 3. e5 Bf5 4. Nf3 e6 5. Bg5 Be7 6. Qd2 h6 7. Bf4 Nd7 8. Nc3
Bb4 9. b3 Ne7 10. Bg3 Qa5 11. a3 Bxc3 12. b4 Bxd2+ 13. Kxd2 Qa4 14. Ra2 b5 15.
Ne1 a5 16. c3 axb4 17. cxb4 Qa7 18. Nf3 O-O 19. Be2 Qb6 20. Rc1 Be4 21. Ke3
Nf5+ 22. Kf4 Bxf3 23. Kxf3 Nxd4+ 24. Kg4 Nxe2 25. Rxe2 Rxa3 26. Rd2 Ra4 27. Rb1
c5 28. Bf4 Rxb4 29. Re1 Ra8 30. g3 Qa5 31. Ree2 g5 32. h4 gxf4 33. gxf4 Qa4 34.
Kg3 Rxf4 35. Ra2 Rg4+ 36. Kh3 Rxh4+ 37. Kg2 Qg4+ 0-1

[Event "6. Torneo Distrito Chamartin 2017"]
[Site "Madrid ESP"]
[Date "2017.09.07"]
[Round "6.42"]
[White "Martinez Martinez, Antonio"]
[Black "Martin Rodriguez, Jose Luis"]
[Result "1-0"]
[WhiteElo "1525"]
[BlackElo "1291"]
[PlyCount "69"]
[EventDate "2017.09.04"]
[EventType "swiss"]
[EventRounds "9"]
[EventCountry "ESP"]
[SourceTitle "Ajedrez en Madrid"]
[Source "lmi"]
[SourceDate "2017.09.04"]
[SourceVersion "1"]
[SourceVersionDate "2018.03.05"]
[SourceQuality "1"]

1. e4 e6 2. Nf3 Nc6 3. Nc3 b6 4. d4 d5 5. exd5 exd5 6. Bb5 Bb7 7. Qe2+ Nge7 8.
Ne5 Qd6 9. O-O Qe6 10. Qf3 a6 11. Bxc6+ Bxc6 12. Bf4 O-O-O 13. Rfe1 Ng6 14. Bg3
Re8 15. h4 Re7 16. Nxc6 Qxc6 17. Rxe7 Nxe7 18. Qxf7 Qd7 19. Re1 Kd8 20. h5 Nc6
21. Bh4+ Be7 22. Bxe7+ Nxe7 23. Re5 c6 24. Ne2 Rg8 25. Rxe7 Qxe7 26. Qxg8+ Kd7
27. Ng3 Qg5 28. Qf7+ Kd8 29. Qf8+ Kd7 30. Qf5+ Qxf5 31. Nxf5 g6 32. hxg6 hxg6
33. Nh4 g5 34. Nf3 g4 35. Ne5+ 1-0

[Event "6. Torneo Distrito Chamartin 2017"]
[Site "Madrid ESP"]
[Date "2017.09.07"]
[Round "6.43"]
[White "Bermudez Valles, Juan Alejandro"]
[Black "Yeghikyan, Yeva"]
[Result "1-0"]
[WhiteElo "1373"]
[BlackElo "1106"]
[PlyCount "61"]
[EventDate "2017.09.04"]
[EventType "swiss"]
[EventRounds "9"]
[EventCountry "ESP"]
[SourceTitle "Ajedrez en Madrid"]
[Source "lmi"]
[SourceDate "2017.09.04"]
[SourceVersion "1"]
[SourceVersionDate "2018.03.05"]
[SourceQuality "1"]

1. e4 d5 2. e5 c5 3. d4 cxd4 4. Qxd4 Nc6 5. Qf4 e6 6. Nf3 h6 7. Bb5 a6 8. Ba4
g5 9. Qd2 Bg7 10. h3 b5 11. Bb3 Nxe5 12. Nxe5 Bxe5 13. O-O Qc7 14. g3 Ne7 15.
f4 Qc5+ 16. Kh1 Bf6 17. Nc3 d4 18. Ne4 Bb7 19. Qd3 Nf5 20. Kh2 Qe7 21. Nxf6+
Qxf6 22. Bd2 Rc8 23. Rae1 h5 24. fxg5 Qd8 25. Rxf5 h4 26. g6 hxg3+ 27. Qxg3 Qc7
28. Rxf7 Qxg3+ 29. Kxg3 Rg8 30. Rxe6+ Kd8 31. Bg5# 1-0

[Event "6. Torneo Distrito Chamartin 2017"]
[Site "Madrid ESP"]
[Date "2017.09.08"]
[Round "7.1"]
[White "Rottenwohrer Suarez, Juan"]
[Black "Sanchez Jerez, Emilio Miguel"]
[Result "0-1"]
[WhiteElo "2180"]
[BlackElo "2155"]
[PlyCount "79"]
[EventDate "2017.09.04"]
[EventType "swiss"]
[EventRounds "9"]
[EventCountry "ESP"]
[SourceTitle "Ajedrez en Madrid"]
[Source "lmi"]
[SourceDate "2017.09.04"]
[SourceVersion "1"]
[SourceVersionDate "2018.03.05"]
[SourceQuality "1"]

1. c4 Nf6 2. d4 d6 3. Nf3 g6 4. g3 Bg7 5. Bg2 O-O 6. O-O Nc6 7. Nc3 Rb8 8. Re1
e5 9. d5 Na5 10. Nd2 c5 11. dxc6 bxc6 12. b3 d5 13. Ba3 Re8 14. b4 Nxc4 15.
Nxc4 dxc4 16. Bxc6 Bd7 17. Qa4 Bxc6 18. Qxc6 Qc8 19. Qxc8 Rexc8 20. b5 e4 21.
Rac1 e3 22. f3 Rb7 23. Red1 h5 24. Kg2 g5 25. Nd5 Nxd5 26. Rxd5 Bf6 27. f4 g4
28. Rc2 c3 29. Bc1 Re8 30. a4 Re4 31. Ra2 Rd4 32. Rxh5 Re7 33. a5 Rd2 34. Bxd2
exd2 35. Rd5 Rxe2+ 36. Kf1 d1=Q+ 37. Rxd1 Rxa2 38. a6 Rxh2 39. b6 axb6 40. Ra1
0-1

[Event "6. Torneo Distrito Chamartin 2017"]
[Site "Madrid ESP"]
[Date "2017.09.08"]
[Round "7.2"]
[White "Moreno Ibañez, Miguel"]
[Black "Martin Duque, Jesus"]
[Result "1/2-1/2"]
[WhiteElo "2289"]
[BlackElo "2387"]
[PlyCount "41"]
[EventDate "2017.09.04"]
[EventType "swiss"]
[EventRounds "9"]
[EventCountry "ESP"]
[SourceTitle "Ajedrez en Madrid"]
[Source "lmi"]
[SourceDate "2017.09.04"]
[SourceVersion "1"]
[SourceVersionDate "2018.03.05"]
[SourceQuality "1"]

1. e4 e5 2. Nf3 Nc6 3. Bc4 Bc5 4. O-O Nf6 5. d3 O-O 6. c3 d6 7. a4 a6 8. Na3
Ba7 9. Nc2 h6 10. Be3 Be6 11. Bxe6 fxe6 12. Bxa7 Rxa7 13. Ne3 Qe8 14. g3 Qh5
15. Nh4 Qxd1 16. Rfxd1 Raa8 17. Kg2 Rf7 18. Nf3 Raf8 19. Nd2 g5 20. Rf1 Kg7 21.
h3 1/2-1/2

[Event "6. Torneo Distrito Chamartin 2017"]
[Site "Madrid ESP"]
[Date "2017.09.08"]
[Round "7.3"]
[White "Elissalt Cardenas, Hector"]
[Black "Martinez Fernandez, Raul"]
[Result "1/2-1/2"]
[WhiteElo "2360"]
[BlackElo "2180"]
[PlyCount "88"]
[EventDate "2017.09.04"]
[EventType "swiss"]
[EventRounds "9"]
[EventCountry "ESP"]
[SourceTitle "Ajedrez en Madrid"]
[Source "lmi"]
[SourceDate "2017.09.04"]
[SourceVersion "1"]
[SourceVersionDate "2018.03.05"]
[SourceQuality "1"]

1. d4 d5 2. c4 c6 3. Nf3 Nf6 4. e3 Bg4 5. cxd5 Bxf3 6. gxf3 cxd5 7. Qb3 Qd7 8.
Nc3 e6 9. Bd2 Nc6 10. f4 g6 11. Bd3 Be7 12. Ne2 O-O 13. Ng1 Ne8 14. Nf3 Nd6 15.
Ne5 Nxe5 16. fxe5 Ne4 17. Bb4 Rfc8 18. Ke2 Bh4 19. f3 Ng5 20. Be1 Bxe1 21.
Raxe1 h5 22. Qb4 Rc7 23. Rc1 Rac8 24. Qd6 Qxd6 25. exd6 Rxc1 26. Rxc1 Rd8 27.
Rc7 Rxd6 28. Rxb7 Rc6 29. h4 Nh3 30. Rxa7 g5 31. hxg5 Nxg5 32. Ra3 Rc1 33. Rc3
Rh1 34. f4 Ne4 35. Bxe4 dxe4 36. a4 Rh2+ 37. Kf1 Rxb2 38. Ra3 Rb6 39. a5 Ra6
40. Kg2 Kg7 41. Kh3 Kg6 42. Kg3 Kf5 43. Rc3 Rxa5 44. Kh4 Kf6 1/2-1/2

[Event "6. Torneo Distrito Chamartin 2017"]
[Site "Madrid ESP"]
[Date "2017.09.08"]
[Round "7.4"]
[White "Alvarez Serrano, Carlos"]
[Black "Fernandez Alvarez, Luis"]
[Result "1/2-1/2"]
[WhiteElo "2212"]
[BlackElo "2088"]
[PlyCount "29"]
[EventDate "2017.09.04"]
[EventType "swiss"]
[EventRounds "9"]
[EventCountry "ESP"]
[SourceTitle "Ajedrez en Madrid"]
[Source "lmi"]
[SourceDate "2017.09.04"]
[SourceVersion "1"]
[SourceVersionDate "2018.03.05"]
[SourceQuality "1"]

1. d4 d5 2. Nf3 e6 3. Bf4 c5 4. e3 Nf6 5. c3 Nc6 6. Nbd2 Bd6 7. Bg3 O-O 8. Bd3
b6 9. O-O Bb7 10. Ne5 Ne7 11. f4 Nf5 12. Bf2 Be7 13. g4 Nd6 14. Bh4 cxd4 15.
cxd4 1/2-1/2

[Event "6. Torneo Distrito Chamartin 2017"]
[Site "Madrid ESP"]
[Date "2017.09.08"]
[Round "7.5"]
[White "Quispe Arteaga, Gabriel"]
[Black "Lopez de Turiso, Jose Angel"]
[Result "1-0"]
[WhiteElo "2197"]
[BlackElo "2050"]
[PlyCount "85"]
[EventDate "2017.09.04"]
[EventType "swiss"]
[EventRounds "9"]
[EventCountry "ESP"]
[SourceTitle "Ajedrez en Madrid"]
[Source "lmi"]
[SourceDate "2017.09.04"]
[SourceVersion "1"]
[SourceVersionDate "2018.03.05"]
[SourceQuality "1"]

1. Nf3 f5 2. g3 Nf6 3. Bg2 d6 4. d4 g6 5. O-O Bg7 6. c4 O-O 7. Nc3 Nc6 8. d5
Ne5 9. Nxe5 dxe5 10. e4 f4 11. f3 g5 12. Qe1 e6 13. b3 exd5 14. cxd5 c6 15. Ba3
Rf7 16. Rd1 cxd5 17. Nxd5 Nxd5 18. exd5 Bf5 19. g4 Bg6 20. Rf2 Rd7 21. d6 e4
22. fxe4 Be5 23. Bf1 a6 24. Bc4+ Bf7 25. Bxf7+ Kxf7 26. Qf1 Qf6 27. Kh1 Rad8
28. Rd5 Qe6 29. Qh3 h6 30. Qd3 Kg7 31. Rxe5 Qxe5 32. Bb2 Qxb2 33. Rxb2 Rxd6 34.
Qc3+ Kg6 35. Re2 Rd1+ 36. Re1 R8d3 37. Qa5 f3 38. Kg1 R1d2 39. Qf5+ Kg7 40. Rf1
Rg2+ 41. Kh1 Rdd2 42. Rxf3 Rxh2+ 43. Kg1 1-0